000 00940nam a2200289Ia 4500
003 OSt
005 20221005081819.0
006 a|||||r|||| 00| 0
007 ta
008 221004b |||||||| |||| 00| 0 eng d
020 _a9789351503842 (hbk)
_cINR 750.00
024 _a33482
037 _b10597, 05/03/2017, Orange Books International
_cTextual
040 _aCRL
_cCRL
_beng
041 _2eng
_aeng
082 _aW:(Y).2, Q5
100 _aJoshy P.M. Au.
_9611351
245 0 _aState and civil society under siege
_b hindutva, security and militarism in India
260 _aNew Delhi
_bSage India
_c2015
300 _axvi,262p.
_ccm.
650 _a POLITICAL SCIENCE
650 _a RADICALISM
_9577551
650 _aHINDUISM
700 _a Seethi K.M. Au.
_9611352
942 _hW:(Y).2, Q5
_cTEXL
_2cc
999 _c988316
_d988316